000 00355nam a2200157Ia 4500
008 100204s9999 xx 000 0 und d
082 _b23265
100 _aSWAMI & SEVIKAS
245 _aTELL ME A STORY - I
250 _a0
260 _bCC
_c1987
300 _a90
630 _aTELL ME A STORY - I
730 _aTELL ME A STORY - I
942 _cBOOK
999 _c468375
_d468372